Statistics for Smallest Country by Letter

Click here to take the quiz!

General Stats

  • This quiz has been taken 37 times
    (4 since last reset)
  • The average score is 22 of 24

Answer Stats

LetterAnswer% Correct
AAndorra
100%
BBarbados
100%
CCape Verde
100%
HHaiti
100%
IIceland
100%
JJamaica
100%
KKiribati
100%
MMonaco
100%
NNauru
100%
OOman
100%
PPalau
100%
QQatar
100%
RRwanda
100%
SSan Marino
100%
TTuvalu
100%
VVatican City
100%
YYemen
100%
ZZimbabwe
100%
DDominica
67%
FFiji
67%
GGrenada
67%
LLiechtenstein
67%
UUruguay
67%
EEast Timor
33%

Score Distribution

Percentile by Number Answered

Percent of People with Each Score

Your Score History

You have not taken this quiz since the last reset